| 000 | 00742ntaaa2200229 4500 | ||
|---|---|---|---|
| 003 | 01 | ||
| 005 | 20251027201335.0 | ||
| 008 | 0714s1973 ag 01 | ||
| 020 | _a0805401342 | ||
| 040 |
_aAR-BaBN _bspa _cAR-BaBN _eaacr _dRIC |
||
| 082 | _a220.7000 N42a34 | ||
| 100 |
_aLea, Thomas D _911719 |
||
| 245 | _aFirst second Timothy, Titus | ||
| 250 | _a1 ed. | ||
| 260 |
_aNashville : _bBroadman Press, _c1992 |
||
| 300 |
_a352 p ; _c23,5 cm |
||
| 500 | _aComentario teológico expositivo basado en la "New International Version" Contiene referencias bibliográficas e índices. | ||
| 650 |
_aBiblia-Nuevo Testamento-Timoteo-I y II _911720 |
||
| 650 |
_aBiblia-Nuevo Testamento-Tito _94443 |
||
| 700 |
_aGriffin, Hayne P _911721 |
||
| 942 | _cBK | ||
| 999 |
_c7882 _d7882 |
||